Dans quel univers apparaît ce panda de fiction ? - Statistiques

Statistiques générales
  • Ce quiz a été pris 20 fois
  • Le résultat moyen est 5 sur 14
Statistiques - réponses
Par images Réponse % Correct
Kung Fu Panda
100%
Minecraft
89%
Alerte Rouge
67%
Jujutsu Kaisen
61%
Animal Crossing
56%
Pandi Panda
33%
Beastars
28%
Ranma 1/2
17%
Tekken
11%
Avatar, le dernier maître de l'air
6%
La Garde du Roi Lion
6%
Skunk Fu
6%
Fromage Panda
0%
Universal Studios
0%
Aucun quiz correspondant
Distribution des résultats
% des personnes avec chaque résultat
Percentile par nombre de réponses
Votre historique - résultats
Vous n’avez pas pris ce quiz